000 00458nam a22001697a 4500
005 20251108175144.0
008 250721s2012 xx 000 0 ara d
082 1 4 _a345.02/قرا
100 1 _aالقرالة، غالب محمد حسين
245 1 0 _aالقتل العمد /
264 1 _aعمان :
_bالمؤلف،
_c2012.
300 _a92ص.
650 1 7 _aالجريمة
650 1 7 _aالقتل العمد
942 _2ddc
_cBK
999 _c127466
_d127466